A koronavírusjárvány-helyzet pszichológiai hatásai és azok enyhítése – áttekintő közlemény 441 magyar felnőtt véleményével

Elmentve itt :
Bibliográfiai részletek
Szerzők: Szabó Csanád
Pukánszky Judit
Kemény Lajos
Dokumentumtípus: Cikk
Megjelent: 2020
Sorozat:EGÉSZSÉGFEJLESZTÉS 61 No. 4
doi:10.24365/ef.v61i4.633

mtmt:31776939
Online Access:http://publicatio.bibl.u-szeged.hu/20284
LEADER 00798nab a2200217 i 4500
001 publ20284
005 20210120151836.0
008 210120s2020 hu o 0|| zxx d
022 |a 1786-2434 
024 7 |a 10.24365/ef.v61i4.633  |2 doi 
024 7 |a 31776939  |2 mtmt 
040 |a SZTE Publicatio Repozitórium  |b hun 
041 |a zxx 
100 1 |a Szabó Csanád 
245 1 2 |a A koronavírusjárvány-helyzet pszichológiai hatásai és azok enyhítése – áttekintő közlemény 441 magyar felnőtt véleményével  |h [elektronikus dokumentum] /  |c  Szabó Csanád 
260 |c 2020 
300 |a 30-45 
490 0 |a EGÉSZSÉGFEJLESZTÉS  |v 61 No. 4 
700 0 1 |a Pukánszky Judit  |e aut 
700 0 1 |a Kemény Lajos  |e aut 
856 4 0 |u http://publicatio.bibl.u-szeged.hu/20284/1/633-4332-1-PB.pdf  |z Dokumentum-elérés